Statistics for Every Emmy Nominee for Best Actor in a Drama Series

Click here to take the quiz!

General Stats

  • This quiz has been taken 36 times
  • The average score is 144 of 261

Answer Stats

YearProgramActor% Correct
2009Breaking BadBryan Cranston
96%
2010Breaking BadBryan Cranston
96%
2014Breaking BadBryan Cranston
96%
2008Breaking BadBryan Cranston
96%
2013Breaking BadBryan Cranston
96%
2012Breaking BadBryan Cranston
96%
2001The SopranosJames Gandolfini
93%
2000The SopranosJames Gandolfini
93%
2007The SopranosJames Gandolfini
93%
2004The SopranosJames Gandolfini
93%
1999The SopranosJames Gandolfini
93%
2003The SopranosJames Gandolfini
93%
1996ERGeorge Clooney
89%
1995ERGeorge Clooney
89%
2020OzarkJason Bateman
89%
2018OzarkJason Bateman
89%
2019OzarkJason Bateman
89%
2022OzarkJason Bateman
89%
2017House of CardsKevin Spacey
89%
2016House of CardsKevin Spacey
89%
2014House of CardsKevin Spacey
89%
2013House of CardsKevin Spacey
89%
2015House of CardsKevin Spacey
89%
200324Kiefer Sutherland
89%
200624Kiefer Sutherland
89%
200224Kiefer Sutherland
89%
200424Kiefer Sutherland
89%
200724Kiefer Sutherland
89%
200524Kiefer Sutherland
89%
2023Better Call SaulBob Odenkirk
85%
2017Better Call SaulBob Odenkirk
85%
2016Better Call SaulBob Odenkirk
85%
2022Better Call SaulBob Odenkirk
85%
2019Better Call SaulBob Odenkirk
85%
2015Better Call SaulBob Odenkirk
85%
2007HouseHugh Laurie
85%
2005HouseHugh Laurie
85%
2010HouseHugh Laurie
85%
2009HouseHugh Laurie
85%
2008HouseHugh Laurie
85%
2011HouseHugh Laurie
85%
2010Mad MenJon Hamm
85%
2015Mad MenJon Hamm
85%
2014Mad MenJon Hamm
85%
2011Mad MenJon Hamm
85%
2012Mad MenJon Hamm
85%
2013Mad MenJon Hamm
85%
2009Mad MenJon Hamm
85%
2008Mad MenJon Hamm
85%
2003The West WingMartin Sheen
85%
2002The West WingMartin Sheen
85%
2000The West WingMartin Sheen
85%
2001The West WingMartin Sheen
85%
2006The West WingMartin Sheen
85%
2004The West WingMartin Sheen
85%
1982Magnum, P.I.Tom Selleck
85%
1985Magnum, P.I.Tom Selleck
85%
1983Magnum, P.I.Tom Selleck
85%
1984Magnum, P.I.Tom Selleck
85%
1986Magnum, P.I.Tom Selleck
85%
2014True DetectiveMatthew McConaughey
81%
1994ColumboPeter Falk
81%
1991ColumboPeter Falk
81%
1990ColumboPeter Falk
81%
1977ColumboPeter Falk
81%
1978ColumboPeter Falk
81%
1976ColumboPeter Falk
81%
2014True DetectiveWoody Harrelson
78%
1987MoonlightingBruce Willis
74%
1986MoonlightingBruce Willis
74%
2022SuccessionBrian Cox
70%
2023SuccessionBrian Cox
70%
2020SuccessionBrian Cox
70%
1985Miami ViceDon Johnson
70%
2016Mr. RobotRami Malek
70%
2011Boardwalk EmpireSteve Buscemi
70%
2012Boardwalk EmpireSteve Buscemi
70%
1998The X-FilesDavid Duchovny
67%
1997The X-FilesDavid Duchovny
67%
2023SuccessionKieran Culkin
63%
2015Ray DonovanLiev Schreiber
63%
2017Ray DonovanLiev Schreiber
63%
2016Ray DonovanLiev Schreiber
63%
2010LostMatthew Fox
63%
2023The Last of UsPedro Pascal
63%
2013The NewsroomJeff Daniels
59%
2014The NewsroomJeff Daniels
59%
2015The NewsroomJeff Daniels
59%
1981DallasLarry Hagman
59%
1980DallasLarry Hagman
59%
2017This Is UsSterling K. Brown
59%
2018This Is UsSterling K. Brown
59%
2019This Is UsSterling K. Brown
59%
2020This Is UsSterling K. Brown
59%
2021This Is UsSterling K. Brown
59%
1975KojakTelly Savalas
59%
1986St. ElsewhereWilliam Daniels
59%
1983St. ElsewhereWilliam Daniels
59%
1985St. ElsewhereWilliam Daniels
59%
1984St. ElsewhereWilliam Daniels
59%
1987St. ElsewhereWilliam Daniels
59%
1995ERAnthony Edwards
56%
1997ERAnthony Edwards
56%
1996ERAnthony Edwards
56%
1998ERAnthony Edwards
56%
2017WestworldAnthony Hopkins
56%
2018WestworldEd Harris
56%
2001The West WingRob Lowe
56%
2020The Morning ShowSteve Carell
56%
2012HomelandDamian Lewis
52%
2013HomelandDamian Lewis
52%
2007Rescue MeDenis Leary
52%
2006Rescue MeDenis Leary
52%
1979Lou GrantEd Asner
52%
1981Lou GrantEd Asner
52%
1982Lou GrantEd Asner
52%
1978Lou GrantEd Asner
52%
1980Lou GrantEd Asner
52%
1980The Rockford FilesJames Garner
52%
1982Bret MaverickJames Garner
52%
1979The Rockford FilesJames Garner
52%
1976The Rockford FilesJames Garner
52%
1978The Rockford FilesJames Garner
52%
1977The Rockford FilesJames Garner
52%
2007Boston LegalJames Spader
52%
2008Boston LegalJames Spader
52%
2004The PracticeJames Spader
52%
2005Boston LegalJames Spader
52%
2019Game of ThronesKit Harington
52%
2002The ShieldMichael Chiklis
52%
2003The ShieldMichael Chiklis
52%
1996NYPD BlueDennis Franz
48%
1995NYPD BlueDennis Franz
48%
1997NYPD BlueDennis Franz
48%
1999NYPD BlueDennis Franz
48%
2000NYPD BlueDennis Franz
48%
1998NYPD BlueDennis Franz
48%
1994NYPD BlueDennis Franz
48%
2001NYPD BlueDennis Franz
48%
2008In TreatmentGabriel Byrne
48%
2009In TreatmentGabriel Byrne
48%
1991Gabriel's FireJames Earl Jones
48%
2018WestworldJeffrey Wright
48%
2023SuccessionJeremy Strong
48%
2022SuccessionJeremy Strong
48%
2020SuccessionJeremy Strong
48%
1998NYPD BlueJimmy Smits
48%
1995NYPD BlueJimmy Smits
48%
1997NYPD BlueJimmy Smits
48%
1999NYPD BlueJimmy Smits
48%
1996NYPD BlueJimmy Smits
48%
1993I'll Fly AwaySam Waterston
48%
1992I'll Fly AwaySam Waterston
48%
1997Law & OrderSam Waterston
48%
2000Law & OrderSam Waterston
48%
1999Law & OrderSam Waterston
48%
2011JustifiedTimothy Olyphant
48%
2022SeveranceAdam Scott
44%
1996Homicide: Life on the StreetAndre Braugher
44%
2001Gideon's CrossingAndre Braugher
44%
1998Homicide: Life on the StreetAndre Braugher
44%
1989In the Heat of the NightCarroll O'Connor
44%
2023The Old ManJeff Bridges
44%
2021The CrownJosh O'Connor
44%
2015BloodlineKyle Chandler
44%
2011Friday Night LightsKyle Chandler
44%
2016BloodlineKyle Chandler
44%
2010Friday Night LightsKyle Chandler
44%
1991Twin PeaksKyle MacLachlan
44%
1990Twin PeaksKyle MacLachlan
44%
2010DexterMichael C. Hall
44%
2012DexterMichael C. Hall
44%
2008DexterMichael C. Hall
44%
2009DexterMichael C. Hall
44%
2002Six Feet UnderMichael C. Hall
44%
2011DexterMichael C. Hall
44%
1981Trapper John, M.D.Pernell Roberts
44%
1992Quantum LeapScott Bakula
44%
1993Quantum LeapScott Bakula
44%
1991Quantum LeapScott Bakula
44%
1990Quantum LeapScott Bakula
44%
2019PoseBilly Porter
41%
2020PoseBilly Porter
41%
2021PoseBilly Porter
41%
1980Quincy, M.E.Jack Klugman
41%
1979Quincy, M.E.Jack Klugman
41%
1978Quincy, M.E.Jack Klugman
41%
1977Quincy, M.E.Jack Klugman
41%
2000Law & OrderJerry Orbach
41%
1981DallasJim Davis
41%
2021Perry MasonMatthew Rhys
41%
2017The AmericansMatthew Rhys
41%
2018The AmericansMatthew Rhys
41%
2016The AmericansMatthew Rhys
41%
1994NYPD BlueDavid Caruso
37%
2013Downton AbbeyHugh Bonneville
37%
2012Downton AbbeyHugh Bonneville
37%
1982DynastyJohn Forsythe
37%
1983DynastyJohn Forsythe
37%
1984DynastyJohn Forsythe
37%
1992Tales from the CryptKirk Douglas
37%
2003Six Feet UnderPeter Krause
37%
2002Six Feet UnderPeter Krause
37%
2006Six Feet UnderPeter Krause
37%
1988Beauty and the BeastRon Perlman
37%
1989Beauty and the BeastRon Perlman
37%
2009The MentalistSimon Baker
37%
2006Law & Order: Special Victims UnitChristopher Meloni
33%
1988L.A. LawCorbin Bernsen
33%
1987L.A. LawCorbin Bernsen
33%
1984Hill Street BluesDaniel J. Travanti
33%
1982Hill Street BluesDaniel J. Travanti
33%
1981Hill Street BluesDaniel J. Travanti
33%
1985Hill Street BluesDaniel J. Travanti
33%
1983Hill Street BluesDaniel J. Travanti
33%
1992Quantum LeapHarrison Page
33%
2005DeadwoodIan McShane
33%
2021BridgertonRegé Jean-Page
33%
1977BarettaRobert Blake
33%
1975BarettaRobert Blake
33%
1999The PracticeDylan McDermott
30%
1986The EqualizerEdward Woodward
30%
1987The EqualizerEdward Woodward
30%
1989The EqualizerEdward Woodward
30%
1988The EqualizerEdward Woodward
30%
1990The EqualizerEdward Woodward
30%
2021Lovecraft CountryJonathan Majors
30%
1975The Streets of San FranciscoKarl Malden
30%
1976The Streets of San FranciscoKarl Malden
30%
1977The Streets of San FranciscoKarl Malden
30%
1995Chicago HopeMandy Patinkin
30%
1993Northern ExposureRob Morrow
30%
1992Northern ExposureRob Morrow
30%
1994Picket FencesTom Skerritt
30%
1993Picket FencesTom Skerritt
30%
2005HuffHank Azaria
26%
1989WiseguyKen Wahl
26%
1992Law & OrderMichael Moriarty
26%
1994Law & OrderMichael Moriarty
26%
1993Law & OrderMichael Moriarty
26%
1991Law & OrderMichael Moriarty
26%
1978The WaltonsRalph Waite
26%
2004Without a TraceAnthony LaPaglia
22%
2017This Is UsMilo Ventimiglia
22%
2018This Is UsMilo Ventimiglia
22%
2019This Is UsMilo Ventimiglia
22%
1975PetrocelliBarry Newman
19%
1992Road to AvonleaChristopher Lloyd
19%
1983St. ElsewhereEd Flanders
19%
1987St. ElsewhereEd Flanders
19%
1986St. ElsewhereEd Flanders
19%
1984St. ElsewhereEd Flanders
19%
1985St. ElsewhereEd Flanders
19%
2022Squid GameLee Jung-jae
19%
1988L.A. LawMichael Tucker
19%
1989L.A. LawMichael Tucker
19%
1978FamilyJames Broderick
15%
1981Palmerstown, U.S.A.Louis Gossett Jr.
15%
1990Mancuso, F.B.I.Robert Loggia
15%
1979KazRon Leibman
15%
1988A Year in the LifeRichard Kiley
11%

Score Distribution

Percentile by Number Answered

Percent of People with Each Score

Your Score History

You have not taken this quiz